Las cooperativas : fundamentos, historia, doctrina /

Guardado en:
Autor Principal: Kaplan de Drimer, Alicia.
Otros Autores: Drimer, Bernardo.
Formato: Libro
Idioma:Spanish
Publicado: Buenos Aires : INTERCOOP, Editora Cooperativa Ltda. : Federación Argentina de Cooperativas de Consumo, 1973.
Materias:
Etiquetas: Agregar Etiqueta
Sin Etiquetas, Sea el primero en etiquetar este registro!
LEADER 00993cam a22002535a 4500
001 EAD.ead001082
008 960329s1973####ag#######b####001#0#spa##
005 20190329135624.0
245 1 4 |a Las cooperativas :  |b fundamentos, historia, doctrina /  |c Alicia Kaplan de Drimer, Bernardo Drimer. 
260 |a Buenos Aires :  |b INTERCOOP, Editora Cooperativa Ltda. :  |b Federación Argentina de Cooperativas de Consumo,  |c 1973. 
300 |a 622 p. ;  |c 23 cm. 
504 |a Incluye referencias bibliográficas (p. [579]-598) e índice. 
100 1 |a Kaplan de Drimer, Alicia. 
700 1 |a Drimer, Bernardo. 
043 |a s-ag--- 
082 0 4 |a 334.01  |2 21 
650 7 |a Cooperativas.  |2 unbist 
650 7 |a Cooperativismo.  |2 isoc 
650 7 |a Historia.  |2 unbist 
010 |a  96131254  
040 |a DLC  |c DLC  |d DLC 
050 0 0 |a HD2956  |b .K29 1973 
859 |a AR-BaBDC  |b BIB. ADMINISTRACION GABCOOP - Libros  |h 334.01  |i K141  |p g00001 
859 |a AR-BaBDC  |b BIB. ADMINISTRACION GABCOOP - Libros  |h 334.01  |i K141  |p g01226  |t Ej.2